[Event "Olympiad Women 2024"]
[Site "Budapest HUN"]
[Date "2024.09.15"]
[Round "5.4"]
[Board "4"]
[White "Lee, Alice"]
[Black "Mungunzul, Bat-Erdene"]
[Result "1/2-1/2"]
[WhiteElo "2384"]
[BlackElo "2224"]
[PlyCount "116"]
[EventDate "2024.09.11"]
[WhiteTeam "United States of America"]
[BlackTeam "Mongolia"]
[BlackTeamCountry "MGL"]

1. d4 d5 2. c4 c6 3. Nf3 Nf6 4. e3 Bf5 5. Nh4 Be4 6. Nc3 e6 7. f3 Bg6 8. Bd2 Be7 9. Nxg6 hxg6 10. Qc2 a6 11. O-O-O dxc4 12. Bxc4 b5 13. Be2 Nbd7 14. Kb1 c5 15. d5 exd5 16. Bc1 ({RR} 16. g4 b4 17. Na4 c4 18. g5 Nh5 19. Bc1 Qa5 20. e4 Nb6 21. Nxb6 Qxb6 22. exd5 O-O 23. Bxc4 Bd6 24. Rhe1 Rfc8 25. Re4 a5 26. Be3 Qd8 27. Qa4 f5 28. gxf6 Nxf6 29. Bg5 Ra7 30. Rde1 Rf7 {1-0 Santos Latasa,J (2631)-Dreev,A (2595) CrunchLab Masters Div 3 L 2024 (2.1)}) 16... Nb6 17. g4 b4 $146 ({RR} 17... d4 18. exd4 c4 19. d5 Bd6 20. g5 Nh5 21. f4 Qd7 22. Rhg1 Kf8 23. Ne4 Re8 24. Bg4 Qe7 25. Rge1 Rd8 26. Bxh5 gxh5 27. g6 fxg6 28. f5 gxf5 29. Ng5 Qd7 30. Ne6+ Kg8 31. Nxd8 Qxd8 32. Qxf5 {1-0 Maghsoodloo,P (2707)-Lagunow,R (2425) Qatar Masters Open 2023 (3.25)}) 18. Na4 Nfd7 19. f4 Qc7 20. Bf3 Qc6 21. Nxb6 Nxb6 22. e4 d4 23. Rxd4 Rc8 24. Rdd1 c4 25. f5 Rh3 26. Qg2 c3 27. Ka1 Bf6 28. e5 Qxf3 29. Qxf3 Rxf3 30. exf6 gxf6 31. bxc3 bxc3 32. Rhe1+ Kf8 33. Rd6 Nc4 34. Rxf6 a5 35. Ra6 gxf5 36. gxf5 Nd2 37. Ba3+ Kg7 38. Rg1+ Kh7 39. Rxa5 Nc4 40. Ra6 Rxf5 41. Bc1 Nd2 42. Ra4 Rh5 43. Rg2 Rg8 44. Rxg8 Kxg8 45. Rg4+ Kh7 46. Bxd2 cxd2 47. Rd4 Rxh2 48. Kb1 Rh1+ 49. Kc2 Ra1 50. Kxd2 Rxa2+ 51. Ke3 Kg6 52. Kf3 Ra3+ 53. Kf2 Kg5 54. Rb4 f5 55. Rc4 Ra2+ 56. Kf3 Ra3+ 57. Kf2 Ra2+ 58. Kf3 Ra3+ 1/2-1/2

[Event "Olympiad Women 2024"]
[Site "Budapest HUN"]
[Date "2024.09.15"]
[Round "5.5"]
[Board "1"]
[White "Khamdamova, Afruza"]
[Black "Dzagnidze, Nana"]
[Result "1/2-1/2"]
[WhiteElo "2313"]
[BlackElo "2508"]
[PlyCount "131"]
[EventDate "2024.09.11"]
[WhiteTeam "Uzbekistan"]
[BlackTeam "Georgia"]
[WhiteTeamCountry "UZB"]
[BlackTeamCountry "GEO"]

1. e4 {Lukacs,Peter} c6 2. d4 d5 3. Nc3 dxe4 4. Nxe4 Bf5 5. Ng3 Bg6 6. h4 h6 7. Nf3 Nd7 8. Bd3 ({RR} 8. h5) 8... Bxd3 9. Qxd3 e6 10. Bf4 Ngf6 11. O-O ({RR} 11. O-O-O Be7 12. Kb1 O-O 13. Ng5 ({RR} 13. Qe2 Qa5 14. Ne5 Rad8 15. Rd3 Nd5 ({RR} 15... Nxe5 16. dxe5 Nd5 17. Bd2 Qb5 18. Qg4 ({RR} 18. Ne4 Nb4 ({RR} 18... Nb6 19. Nf6+ Bxf6 ({RR} 19... gxf6 20. Bxh6) ({RR} 19... Kh8 20. Bxh6) 20. exf6 Rxd3 21. cxd3 Na4 22. b3 Rd8 23. Rh3) 19. Bxb4 Bxb4 20. Nf6+ gxf6 21. Qg4+ Kh7 22. exf6 Rg8 23. Qe4+ Qf5) ({RR} 18. Nh5 Ba3 19. b3 Ne7) 18... Kh8 19. Nh5 ({RR} 19. c4 Qa6 20. Bg5) 19... Rg8 20. c4 ({RR} 20. Bg5) 20... Qa6 21. Rd1 ({RR} 21. Rc1 Ne3 22. Bxe3 ({RR} 22. Qe4 Rxd3 ({RR} 22... Nf5 23. Bc3 Rxd3) 23. Qxd3 Nf5 24. Bc3 Rd8 25. Qe4 b5) 22... Rxd3 23. Qf4 ({RR} 23. Bxh6 gxh6 24. Qf4 Rg7) 23... Rf8 ({RR} 23... Rxe3 24. fxe3 Rf8 25. Qg4 g6 ({RR} 25... Rg8 26. Rf1) 26. Nf6) 24. Qg3 ({RR} 24. Nxg7 Kxg7 25. Qxh6+ Kg8 26. Bg5 Bxg5 27. Qxg5+) 24... Rg8)) ({RR} 15... Qa4) 16. Bd2 Qa4 ({RR} 16... Qb6 17. Nh5 N5f6 ({RR} 17... N7f6 18. c4 Nb4 19. Rb3 Nxh5 20. Qxh5 a5 21. c5 Qc7 22. Bxh6) ({RR} 17... Nxe5 18. dxe5 {RR} Kh7 19. Nxg7 Kxg7 20. Rg3+ Kh7 21. Qh5) 18. Rg3 Nxh5 19. Qxh5 Bf6 20. Ng4) 17. Ne4 ({RR} 17. Nh5 Nxe5 18. dxe5 {RR} Nb4 ({RR} 18... Kh8 19. Nxg7) 19. Bxb4 Qxb4 20. Rg3 g6) 17... N7f6 ({RR} 17... Nxe5 18. dxe5) 18. Nxf6+ Nxf6) ({RR} 13. Ne4 Qa5 14. Nxf6+ Nxf6 15. Ne5 Rad8 16. Qg3 Kh8 17. Qb3 Qb6 18. Rd3 Nd5 19. Bc1 Bf6 20. Rhd1 Qxb3 21. axb3 Kg8) ({RR} 13. Ne5) 13... Qa5 ({RR} 13... a5 14. Nh5 c5 ({RR} 14... hxg5 15. Nxf6+ Nxf6 16. hxg5) 15. dxc5 Bxc5 16. Ne4 Nxh5 17. Qxd7 Nxf4 18. Nxc5 Qb6) 14. Bd2 ({RR} 14. Nh5 hxg5 15. Nxf6+ gxf6 16. hxg5 Qf5 17. Qe2 fxg5 18. Qh5 Bf6) ({RR} 14. N5e4 Rfd8) 14... Qd5 15. c4 ({RR} 15. N5e4 Rfd8 16. Qe2 ({RR} 16. c4 Ne5) 16... Nb6 17. Bf4 Qc4) 15... Ne5 16. Qc2 ({RR} 16. Qa3 Nxc4 17. Qxe7 Nxd2+ 18. Rxd2 hxg5 19. hxg5 Qxg5) ({RR} 16. Qh7+ Nxh7 17. cxd5 Ng4 18. Nxh7 Kxh7) 16... Nxc4 17. Bc1 Rfe8 18. f4 Nd6 19. Nf3 Nf5 20. Ne2 Nd6 21. Ne5 Qxg2 22. Ka1 Nf5 23. Rhg1 Qe4 24. Qd2 Rad8 25. Ng3 Nxg3 {½-½ Polgar,J (2722)-Vallejo Pons,F (2662) Benidorm Bali rapid 2003 (6)}) 11... Be7 12. c4 O-O 13. Rfd1 ({RR} 13. Rad1 Qa5 14. a3 Rad8 15. b4 Qa6 16. Rfe1 b5 17. c5 Nd5 18. Bd2 Rfe8 19. Nh5 N7f6 20. Nxf6+ Bxf6 21. g4 Be7 22. g5 hxg5 23. hxg5 g6 24. Kg2 Bf8 25. Qe4 Bg7 26. Ne5 Qxa3 27. Nxc6 Rd7 {1-0 Khazhatuly,A (1990)-Bardyk,A (2238) Titled Tue 23rd Apr Early 2024 (11)}) 13... Qa5 $146 ({RR} 13... a6 14. Rac1 b5 15. b3 Qa5 16. Qe2 bxc4 17. Rxc4 Nd5 18. Bc1 Rac8 19. Ne4 Qb5 20. Ne5 N7f6 21. Nxf6+ Bxf6 22. Qg4 Kh8 23. Ba3 Be7 24. Bxe7 Nxe7 25. Rc5 Qb4 26. Qe2 a5 27. g4 Rcd8 28. Rc4 {0-1 Stefanidi,M (2141)-Pasku,S Nikaia op 13th 2005 (7)}) ({RR} 13... a5 14. Ne4 Nxe4 15. Qxe4 a4 16. Rd3 Qb6 17. Ne5 Qxb2 18. Rad1 f5 19. Qe3 Nxe5 20. Qxe5 Bxh4 21. g3 Bf6 22. Qxe6+ Kh8 23. R3d2 Qc3 24. Rd3 Qc2 25. Bd6 Rfe8 26. Qxf5 Bxd4 27. Qf7 c5 28. R1d2 {0-1 Jarlnaes,E (1961)-Erenburg,S (2615) Politiken Cup 35th 2013 (1)}) 14. a3 b5 15. Rac1 bxc4 16. Rxc4 Qb5 17. Qc2 Nd5 18. a4 Qb7 19. Bd2 Rfc8 20. a5 Rab8 21. Rb1 c5 22. dxc5 Rxc5 23. Ne4 Rxc4 24. Qxc4 Qb3 25. Qxb3 Rxb3 26. Nc3 Bf6 27. Nxd5 exd5 28. Be3 a6 29. Rd1 Rb5 30. b4 Bc3 31. Bd2 Bxd2 32. Rxd2 Nb8 33. Ne5 f6 34. Nd3 Nc6 35. g3 d4 36. Rc2 Nxb4 37. Nxb4 Rxb4 38. Rc6 d3 39. Rd6 Rb5 40. Rxd3 Rxa5 41. Rd7 Rb5 42. Ra7 a5 43. Kg2 Kh7 44. g4 h5 45. f3 hxg4 46. fxg4 Rb4 47. Rxa5 Rxg4+ 48. Kh3 Rc4 49. Kg3 Kg6 50. Rb5 f5 51. Ra5 Rc3+ 52. Kg2 Re3 53. Rb5 Kf6 54. Ra5 g6 55. Rb5 f4 56. Ra5 Re5 57. Ra3 Kf5 58. Kf3 Rb5 59. Rc3 Ra5 60. Rb3 Re5 61. Ra3 Re3+ 62. Rxe3 fxe3 63. h5 gxh5 64. Kxe3 Kg4 65. Kf2 h4 66. Kg2 1/2-1/2

[Event "Olympiad Women 2024"]
[Site "Budapest HUN"]
[Date "2024.09.15"]
[Round "5.5"]
[Board "2"]
[White "Javakhishvili, Lela"]
[Black "Yakubbaeva, Nilufar"]
[Result "1/2-1/2"]
[WhiteElo "2446"]
[BlackElo "2248"]
[PlyCount "131"]
[EventDate "2024.09.11"]
[WhiteTeam "Georgia"]
[BlackTeam "Uzbekistan"]
[WhiteTeamCountry "GEO"]
[BlackTeamCountry "UZB"]

1. d4 d5 2. c4 e6 3. Nc3 c5 4. e3 cxd4 5. exd4 Nf6 6. Nf3 Be7 7. Bg5 O-O 8. Rc1 dxc4 9. Bxc4 a6 10. O-O b5 11. Bb3 Bb7 12. Re1 Nbd7 $146 ({RR} 12... h6 13. Bf4 b4 14. Na4 Nc6 15. Nc5 Bxc5 16. dxc5 Qc8 17. Be5 Nxe5 18. Nxe5 Rd8 19. Qe2 Bc6 20. Nxf7 {1-0 Weigel,H-Peters,M Wch Seniors 01st 1991 (3)}) ({RR} 12... Nc6 13. Bxf6 Bxf6 14. d5 Na5 15. dxe6 Nxb3 16. exf7+ Rxf7 17. Qxb3 Bxf3 18. gxf3 Bxc3 19. Rxc3 Qg5+ 20. Kh1 Raf8 21. Rc7 Qf5 22. Rxf7 Qxf7 23. Qxf7+ Kxf7 24. Rc1 Rd8 25. Rc7+ Kg8 26. Ra7 Rd2 27. Kg2 {½-½ Harrington,S-Paval,G (2140) Titled Tue 18th Jun Late 2024 (5)}) 13. Qe2 b4 14. Na4 Nd5 15. Bd2 Qa5 16. a3 Qb5 17. axb4 Bxb4 18. Bxd5 Qxe2 19. Rxe2 Bxd2 20. Bxb7 Bxc1 21. Bxa8 Rxa8 22. Rc2 Bf4 23. g3 Bd6 24. Rc6 Bb4 25. Nc5 Nxc5 26. dxc5 Ba5 27. Ne5 Kf8 28. Nc4 Bd8 29. Nb6 Bxb6 30. Rxb6 a5 31. Kg2 a4 32. Kf3 a3 33. bxa3 Rxa3+ 34. Ke4 Rc3 35. c6 Ke7 36. Rb7+ Kf6 37. c7 h5 38. h4 Rc4+ 39. Kd3 Rc1 40. f3 Ke5 41. c8=Q Rxc8 42. Rxf7 Rg8 43. f4+ Kd5 44. Rd7+ Kc6 45. Ra7 e5 46. f5 Kd5 47. Ra5+ Kd6 48. Ke4 Rb8 49. Ra6+ Ke7 50. Rg6 Kf7 51. Kxe5 Rb4 52. Rg5 Rb3 53. Kf4 Rb4+ 54. Kf3 Rb3+ 55. Kg2 Kf6 56. Rxh5 Rb5 57. Rg5 Rxf5 58. Rxf5+ Kxf5 59. Kf3 g6 60. g4+ Kf6 61. Ke4 Ke6 62. Kd4 Kd6 63. Ke4 Ke6 64. Kf4 Kf6 65. Kf3 Kf7 66. Ke4 1/2-1/2

[Event "Olympiad Women 2024"]
[Site "Budapest HUN"]
[Date "2024.09.15"]
[Round "5.5"]
[Board "3"]
[White "Omonova, Umida"]
[Black "Batsiashvili, Nino"]
[Result "1/2-1/2"]
[WhiteElo "2032"]
[BlackElo "2461"]
[PlyCount "147"]
[EventDate "2024.09.11"]
[WhiteTeam "Uzbekistan"]
[BlackTeam "Georgia"]
[WhiteTeamCountry "UZB"]
[BlackTeamCountry "GEO"]

1. e4 {Marin,Mihail} e5 2. Nf3 Nc6 3. Bc4 Nf6 4. d3 Bc5 5. O-O d6 6. c3 O-O 7. Nbd2 a5 ({RR} 7... a6) 8. h3 ({RR} 8. Re1 a4 ({RR} 8... Ng4 9. Re2 Kh8 10. h3 Nh6 11. Nf1 f5 12. Bg5 Qe8 13. Bxh6 gxh6 14. d4) 9. Bb5 Bd7 10. Bxa4 Rxa4 11. Qxa4 Nb4 12. Qb3 Nxd3 13. Rf1 Nxf2) ({RR} 8. Bb5 Na7 9. Ba4 b5 10. Bc2 Nc6 11. a4 b4 12. h3 h6 13. Re1 Re8 14. Nc4 Be6 15. Ne3 d5 16. exd5 Nxd5 17. d4 exd4 18. cxd4 Bb6 ({RR} 18... Bf8 19. Qd3 g6 20. Ng4) 19. Qd3 g6 20. Ng4 ({RR} 20. Nxd5 Qxd5 21. Bxh6 Nxd4) ({RR} 20. Nc4 Bf5 21. Rxe8+ Qxe8 22. Qd2 Bxc2 23. Nxb6 Nxb6 24. Qxc2 Nxd4 25. Nxd4 Qe1+ 26. Kh2 Qe5+ 27. g3 Qxd4 28. Bxh6 Re8 29. Rd1 b3 30. Qxg6+ fxg6 31. Rxd4 Re2) 20... Bxg4 21. Rxe8+ Qxe8 22. hxg4 Nxd4 {RR} 23. Bxh6 Nxf3+ 24. Qxf3 Rd8) ({RR} 8. a4 h6 9. Re1 Ne7 10. d4 exd4 11. cxd4 Bb4) 8... Ba7 ({RR} 8... a4 9. Bb5 Bd7 ({RR} 9... a3 10. b4) 10. Bxa4 Rxa4 11. Qxa4 Nb4 12. Qd1 Nxd3 13. b4 Ba7 14. Qc2 Nxc1 15. Raxc1 Nh5 16. Kh2 Nf4) 9. Re1 Be6 10. Bb5 Ne7 11. Nf1 c6 12. Ba4 Ng6 13. Ng3 h6 ({RR} 13... d5 14. exd5 Nxd5 15. Bb3 h6 16. d4 exd4 17. Nxd4 Bxd4 18. Qxd4 Nc7 19. Qxd8 Rfxd8 20. Bc2 Re8 21. Be3 Nd5 22. Bd4 Ngf4 23. Rad1 a4 24. Kh2 b5 25. Bb1 Rad8 26. Be5 Ng6 27. Bd4 Ngf4 28. Ne4 {1-0 Radjabov,T (2700)-Tomashevsky,E (2681) Chess Stars 4.0 Blitz 2024 (1.2)}) 14. Bc2 Qd7 $146 ({RR} 14... Qc7 15. d4 Rad8 16. Be3 Bb8 17. Bd3 Rfe8 18. Qc2 ({RR} 18. Qd2 d5) 18... Qe7 ({RR} 18... d5 19. exd5 Bxd5 20. Bxg6) 19. Rad1 Bc7 20. c4 Bc8 ({RR} 20... Nf4 21. Bf1 ({RR} 21. Bxf4 exf4 22. Nf5 Bxf5 23. exf5 Qd7) 21... N4h5 ({RR} 21... g6 22. Nf5 Qf8 ({RR} 22... gxf5 23. exf5 Nxh3+ 24. gxh3 Bc8 25. Bxh6) 23. Nxd6 Rxd6 ({RR} 23... Bxd6 24. dxe5) 24. Bxf4 exf4 25. e5) 22. Ne2 g5) 21. a3 exd4 ({RR} 21... Nf4) 22. Nxd4 Qf8 23. f4 Nd7 24. Qf2 Nf6 25. Nf3 Re7 26. Kh1 Kh8 27. Bc2 Ree8 28. b4 axb4 29. axb4 {1-0 Karjakin,S (2769)-Tomashevsky,E (2728) Tata Steel-A 78th 2016 (4)}) ({RR} 14... d5 15. exd5 Qxd5 16. Bb3 Qd6 17. Bxe6 Qxe6 18. d4 e4 19. Nd2) ({RR} 14... b5 15. d4 ({RR} 15. a4 b4 16. d4 Re8 17. Be3 Qc7 18. Qd2 Rab8) 15... a4) ({RR} 14... b5 15. d4 b4 16. Be3 Qc7 17. Qd2 Rab8 18. Nf5 bxc3 19. bxc3 Rb2 20. Qc1 Rfb8 21. Bb3 Bxb3 22. Qxb2 Bd5 23. Qa3 Bxe4 24. Qxd6 Qxd6 25. Nxd6 Bxf3 26. dxe5 Bxe3 27. Rxe3 Nd5 28. Rxf3 Nxe5 29. Rg3 {1-0 Perossa,N (2330)-Bolat,I (2088) World Youth Open U14 2023 (7.10)}) 15. d4 b5 16. Be3 Rfd8 17. Qd2 a4 18. a3 Qe8 19. Rad1 Qf8 20. Qc1 Rac8 21. Nf5 Bb8 22. Re2 Bc4 23. Red2 d5 24. Nxe5 Nxe5 25. dxe5 Bxe5 26. f4 Bc7 27. e5 Nd7 28. Re1 Re8 29. Qd1 c5 30. Nxh6+ gxh6 31. Qg4+ Qg7 32. Qxd7 Red8 33. Qe7 Bb6 34. Bf2 d4 35. Bf5 Bd5 36. g4 Rb8 37. cxd4 Ba5 38. Red1 Bxd2 39. Rxd2 c4 40. Bh4 b4 41. axb4 Qf8 42. Rc2 Qxe7 43. Bxe7 Re8 44. Bc5 Rb7 45. Rc3 Reb8 46. Bc2 Rxb4 47. Bxb4 Rxb4 48. f5 Rxb2 49. Bxa4 Rd2 50. Bb5 Rxd4 51. Kf2 Re4 52. Re3 Rxe3 53. Kxe3 Bg2 54. Bxc4 Bxh3 55. Kf3 h5 56. gxh5 Bxf5 57. Kf4 Bc2 58. Kg5 Bd1 59. h6 Ba4 60. Kf6 Kh7 61. Bxf7 Kxh6 62. e6 Bb5 63. e7 Ba4 64. Bc4 Be8 65. Bd5 Ba4 66. Kf7 Kg5 67. Kg7 Bb5 68. Bf7 Ba4 69. Kf8 Kf6 70. Be8 Bc2 71. Bb5 Bg6 72. Bd3 Bh5 73. e8=R Bxe8 74. Kxe8 1/2-1/2

[Event "Olympiad Women 2024"]
[Site "Budapest HUN"]
[Date "2024.09.15"]
[Round "5.5"]
[Board "4"]
[White "Khotenashvili, Bella"]
[Black "Malikova, Marjona"]
[Result "1-0"]
[WhiteElo "2432"]
[BlackElo "2083"]
[PlyCount "139"]
[EventDate "2024.09.11"]
[WhiteTeam "Georgia"]
[BlackTeam "Uzbekistan"]
[WhiteTeamCountry "GEO"]
[BlackTeamCountry "UZB"]

1. d4 d5 2. Bf4 Nf6 3. Nf3 e6 4. e3 Bd6 5. Ne5 O-O 6. Nd2 c5 7. c3 Nc6 8. Bd3 Qc7 9. Ndf3 Ne4 10. O-O f6 11. Nxc6 Bxf4 12. exf4 Qxc6 ({RR} 12... bxc6 13. Qc1 Rb8 14. Re1 cxd4 15. cxd4 c5 16. b3 Qe7 17. Qa3 Qc7 18. Rac1 Qxf4 19. dxc5 Rb7 20. Qa4 Rd8 21. Red1 Rbd7 22. c6 Rd6 23. Qxa7 e5 24. Qe3 g5 25. b4 Bg4 26. c7 {1-0 Eljanov,P (2695)-Sjugirov,S (2705) TCh-HUN 2023-24 (4.1)}) 13. Qe2 $146 ({RR} 13. Re1 b6 14. Qe2 Bb7 15. Rad1 a6 16. dxc5 bxc5 17. Bxe4 dxe4 18. Nd2 Rad8 19. Nb3 Rd5 20. c4 Rd3 21. Rxd3 exd3 22. Qxe6+ Qxe6 23. Rxe6 d2 24. Nxd2 Rd8 25. Re2 Be4 26. f3 Bd3 27. Re1 Rd4 {1-0 Miller,E (2353)-Boettcher,F (1820) Baden-Baden Faschingsopen 2024 (1.10)}) ({RR} 13. Re1 Bd7 14. Qc2 f5 15. Ne5 Qc7 16. c4 Rac8 17. cxd5 exd5 18. f3 Nf6 19. Nxd7 Nxd7 20. Bxf5 cxd4 21. Bxh7+ Kh8 22. Qxc7 Rxc7 23. Bg6 Rxf4 24. h4 Rc8 25. Rac1 Rd8 26. Rc7 Nf8 27. h5 Nxg6 {1-0 Peng,L (2530)-Kettler,I (2106) 13th Rheinland-Pfalz Open 2023 (3.1)}) 13... Nd6 14. Qc2 f5 15. dxc5 Qxc5 16. Nd4 Bd7 17. Rfe1 Rae8 18. Re3 Nf7 19. Rae1 Qd6 20. Qe2 Nd8 21. g3 a6 22. h4 g6 23. Bc2 Rf6 24. Bb3 Re7 25. Qd1 b5 26. Nf3 Rg7 27. Qd4 Rf8 28. Ng5 h6 29. Nf3 Kh7 30. Qd1 Nc6 31. a4 Rb8 32. axb5 axb5 33. Bc2 Qc5 34. b4 Qd6 35. Bd3 Qc7 36. Qe2 Qb6 37. Rd1 Qb7 38. h5 gxh5 39. Rxe6 Bxe6 40. Qxe6 Ne7 41. Bxf5+ Nxf5 42. Qxf5+ Kh8 43. Qxh5 Qb6 44. Kg2 Rf8 45. Rd4 Qd6 46. Ne5 Kh7 47. Qf3 Rd8 48. Qd3+ Kh8 49. Qxb5 Qc7 50. Qd3 Qb7 51. f5 Rd6 52. Ng6+ Kg8 53. Qe3 Qf7 54. Qxh6 Rh7 55. Qg5 Qg7 56. Ne7+ Kf8 57. Qxg7+ Rxg7 58. Nxd5 Ra6 59. g4 Ra2 60. Kg3 Rga7 61. g5 Kg7 62. Re4 Kf7 63. f3 Ra1 64. Rh4 Rg1+ 65. Kf4 Raa1 66. g6+ Kg7 67. Rh7+ Kf8 68. Rf7+ Ke8 69. Nf6+ Kd8 70. g7 1-0

[Event "Olympiad Women 2024"]
[Site "Budapest HUN"]
[Date "2024.09.15"]
[Round "5.6"]
[Board "1"]
[White "Kashlinskaya, Alina"]
[Black "Atalik, Ekaterina"]
[Result "1/2-1/2"]
[WhiteElo "2490"]
[BlackElo "2381"]
[PlyCount "105"]
[EventDate "2024.09.11"]
[WhiteTeam "Poland"]
[BlackTeam "Turkiye"]
[WhiteTeamCountry "POL"]

1. e4 c6 2. d4 d5 3. f3 Qb6 4. Nc3 e6 5. a3 Nf6 6. e5 Nfd7 7. f4 c5 8. Nf3 Nc6 ({RR} 8... cxd4 9. Nb5 Nc6 10. Bd3 a6 11. Nd6+ Bxd6 12. exd6 h6 13. O-O O-O 14. Qe1 Qc5 15. f5 Qxd6 16. Qh4 e5 17. Qg3 Qf6 18. Nh4 e4 19. Be2 Re8 20. Bf4 Nf8 21. Qh3 Ne7 22. g4 Nh7 23. Qg3 {0-1 Kujawski,A (2111)-Rees,I (2277) Titled Tue 2nd Apr Late 2024 (11)}) 9. dxc5 Bxc5 10. Bd3 Be7 $146 ({RR} 10... f6 11. Na4 Qc7 12. exf6 gxf6 13. Nxc5 Nxc5 14. Be3 Nxd3+ 15. Qxd3 Ne7 16. O-O Bd7 17. Rae1 a6 18. Bd4 O-O 19. Nh4 Qc4 20. Qg3+ Kh8 21. c3 Nc6 22. Nf3 Nxd4 23. Nxd4 Rae8 24. Rf3 Rf7 25. Rfe3 {1-0 Zvjaginsev,V (2617)-Rodchenkov,V (2321) RUS-ch Higher League 73rd 2020 (9)}) ({RR} 10... f6 11. exf6 gxf6 12. Qe2 Kd8 13. b4 Nd4 14. Qf2 Nxf3+ 15. Qxf3 Bd4 16. Bb2 Qc6 17. Be2 a5 18. b5 Qd6 19. O-O-O Bxc3 20. Qxc3 Qxf4+ 21. Kb1 Re8 22. Rhf1 Qd6 23. Rxf6 Nxf6 24. Qxf6+ Qe7 25. Rxd5+ {1-0 Wei Yi (2729)-Wan Yunguo (2508) TCh-CHN DivA Finals 2023 (3.17)}) 11. Na4 Qc7 12. O-O O-O 13. b3 f6 14. Bb2 fxe5 15. fxe5 a6 16. c4 dxc4 17. bxc4 b5 18. cxb5 axb5 19. Nc3 b4 20. axb4 Rxa1 21. Bxa1 Nxb4 22. Ne4 Nc5 23. Bb1 Ba6 24. Re1 Ncd3 25. Re3 Nf4 26. Nd6 Nbd5 27. Re1 Bxd6 28. exd6 Qxd6 29. Kh1 Qb6 30. Bd4 Qb4 31. Be4 Qa3 32. Qa1 Qxa1 33. Rxa1 Bd3 34. Ra7 Nf6 35. Bxd3 Nxd3 36. g3 Re8 37. Ne5 Nxe5 38. Bxe5 Rd8 39. Re7 Rd1+ 40. Kg2 Re1 41. Bxf6 gxf6 42. Kf2 Re5 43. g4 h5 44. gxh5 Kf8 45. Rh7 Rg5 46. Kf3 Kg8 47. Re7 e5 48. h6 Rh5 49. Kg4 Rxh6 50. Kf5 Rh7 51. Re6 Rh6 52. Re7 Rh7 53. Ke4 1/2-1/2

[Event "Olympiad Women 2024"]
[Site "Budapest HUN"]
[Date "2024.09.15"]
[Round "5.6"]
[Board "2"]
[White "Yildiz Kadioglu, Betul Cemre"]
[Black "Socko, Monika"]
[Result "1/2-1/2"]
[WhiteElo "2314"]
[BlackElo "2422"]
[PlyCount "74"]
[EventDate "2024.09.11"]
[WhiteTeam "Turkiye"]
[BlackTeam "Poland"]
[BlackTeamCountry "POL"]

1. e4 e6 2. d4 d5 3. Bd3 dxe4 4. Bxe4 Nf6 5. Bf3 Bd6 6. Ne2 O-O 7. Nbc3 c5 ({RR} 7... c6 8. Bg5 Nbd7 9. Qd2 Qa5 10. O-O-O Nd5 11. Nxd5 Qxd2+ 12. Rxd2 cxd5 13. Bf4 Bb4 14. c3 Be7 15. Ng3 b5 16. Re1 Nb6 17. Nf5 Bf6 18. Nd6 Bd7 19. Be2 Nc4 20. Nxc4 bxc4 21. Bd6 Rfc8 22. f4 {0-1 Onischuk,V (2612)-Nikolic,P (2603) Wch Rapid Berlin 2015 (2)}) ({RR} 7... Nbd7 8. Bg5 h6 9. Bh4 Re8 10. Qd2 e5 11. dxe5 Nxe5 12. O-O-O Be6 13. Bd5 Ng6 14. Bxe6 Nxh4 15. Bb3 Qe7 16. Kb1 Rad8 17. Qc1 c6 18. g3 Nf3 19. Nd4 Nxd4 20. Rxd4 Be5 21. Rxd8 Qxd8 22. Rd1 {0-1 Bettalli,F (2342)-Grigoriants,S (2535) Titled Tue 7th May Late 2024 (1)}) 8. O-O $146 ({RR} 8. Be3 Nc6 9. dxc5 Bc7 10. Qxd8 Rxd8 11. Nb5 Bb8 12. Bxc6 bxc6 13. Nbd4 Bb7 14. O-O-O Bc7 15. Nf3 Nd5 16. Bg5 f6 17. Bd2 Kf7 18. c4 Ne7 19. Bc3 a5 20. b3 a4 21. Kb2 axb3 22. axb3 g5 {1-0 Karas,M (2240)-Zhuk,I (2035) European Blitz 2022 (10.84)}) 8... cxd4 9. Nxd4 a6 10. Be3 Qc7 11. g3 Rd8 12. Qe2 e5 13. Nb3 Be6 14. Rfd1 Nc6 15. Bg5 Be7 16. Bxf6 Bxf6 17. Nd5 Bxd5 18. Bxd5 Nd4 19. Nxd4 exd4 20. Bb3 a5 21. a4 g6 22. Rd3 Re8 23. Qg4 Qc6 24. Qf3 Re4 25. Rad1 Rae8 26. c3 Re1+ 27. Rxe1 Rxe1+ 28. Kg2 Qxf3+ 29. Rxf3 dxc3 30. bxc3 Kg7 31. Bd5 b6 32. c4 Re7 33. Re3 Rxe3 34. fxe3 Bc3 35. Kf3 f5 36. e4 Kf6 37. exf5 gxf5 1/2-1/2

[Event "Olympiad Women 2024"]
[Site "Budapest HUN"]
[Date "2024.09.15"]
[Round "5.6"]
[Board "3"]
[White "Maltsevskaya, Aleksandra"]
[Black "Aydin, Gulenay"]
[Result "1-0"]
[WhiteElo "2404"]
[BlackElo "2202"]
[PlyCount "101"]
[EventDate "2024.09.11"]
[WhiteTeam "Poland"]
[BlackTeam "Turkiye"]
[WhiteTeamCountry "POL"]

1. d4 d5 2. Nf3 Nf6 3. Bf4 c5 4. e3 Nc6 5. Nbd2 cxd4 6. exd4 g6 ({RR} 6... Bf5 7. Bb5 Qb6 8. c4 dxc4 9. a4 e6 10. O-O Bd3 11. Ne5 a6 12. Ndxc4 Bxc4 13. Nxc4 Qd8 14. Bxc6+ bxc6 15. Ne5 Qd5 16. Rc1 Bd6 17. Re1 Rc8 18. Qe2 O-O 19. Qxa6 Ra8 20. Qxc6 Qxc6 21. Rxc6 {½-½ Vitiugov,N (2731)-Harikrishna,P (2713) Prague Masters 2nd 2020 (5)}) 7. c3 Bg7 8. Bb5 $146 ({RR} 8. h3 O-O 9. Be2 Bf5 10. Nf1 Be4 11. Ne3 Bxf3 12. Bxf3 e6 13. h4 h5 14. Bg5 Qd6 15. Bxf6 Bxf6 16. g4 hxg4 17. Nxg4 Bg7 18. Qd2 f5 19. Ne3 Qf4 20. Rh3 Rac8 21. Qe2 Kh7 22. Kf1 Bf6 {0-1 Mitrabha,G (2487)-Hari,M (2385) 59th ch-IND 2022-23 (11.4)}) ({RR} 8. Be2 O-O 9. h3 Bf5 10. O-O h6 11. Re1 e6 12. Bh2 g5 13. Ne5 Nxe5 14. Bxe5 Rc8 15. Nf3 Ne4 16. Bxg7 Kxg7 17. Bd3 Rh8 18. Qe2 Qf6 19. Nd2 Nd6 20. Bxf5 Nxf5 21. Nf3 h5 22. Ne5 Nd6 {½-½ Melaa,S (2285)-Mitusov,S (2487) Fagernes GM Open 2024 (9.14)}) ({RR} 8. h3 O-O 9. Be2 Bf5 10. O-O Rc8 11. Qb3 Qb6 12. Rfe1 Rfd8 13. Bf1 h6 14. Ne5 g5 15. Bh2 e6 16. g4 Bh7 17. Bd3 Nxe5 18. Bxh7+ Nxh7 19. Qxb6 axb6 20. dxe5 d4 21. Ne4 dxc3 22. bxc3 Nf8 {½-½ Narciso Dublan,M (2477)-Nasuta,G (2518) Menorca op 1st 2022 (4)}) 8... Bd7 9. O-O O-O 10. Re1 a6 11. Bxc6 Bxc6 12. Ne5 Rc8 13. h3 Re8 14. Qb3 e6 15. Nxc6 Rxc6 16. a4 b6 17. Be5 Nd7 18. Bxg7 Kxg7 19. Nf3 Qc7 20. Re3 Rb8 21. Ne1 b5 22. axb5 Rxb5 23. Qc2 e5 24. Qe2 e4 25. Rxa6 Rxa6 26. Qxb5 Ra5 27. Qb4 Ra1 28. Qe7 Qc6 29. f3 Nf6 30. Qe5 Qb6 31. fxe4 dxe4 32. Rxe4 Qxb2 33. Rf4 Ra6 34. d5 Qb6+ 35. Kh2 Ra1 36. Nf3 Ra6 37. c4 Qd6 38. Qxd6 Rxd6 39. Ne5 Rd8 40. Rd4 Re8 41. Nd3 Re4 42. Rxe4 Nxe4 43. c5 Kf6 44. g4 Nc3 45. g5+ Kf5 46. d6 Ke6 47. Ne5 Ne4 48. d7 Ke7 49. c6 Nxg5 50. c7 Nf3+ 51. Kg3 1-0

[Event "Olympiad Women 2024"]
[Site "Budapest HUN"]
[Date "2024.09.15"]
[Round "5.6"]
[Board "4"]
[White "Isgenderova, Hayale"]
[Black "Sliwicka, Alicja"]
[Result "0-1"]
[WhiteElo "2124"]
[BlackElo "2373"]
[PlyCount "78"]
[EventDate "2024.09.11"]
[WhiteTeam "Turkiye"]
[BlackTeam "Poland"]
[BlackTeamCountry "POL"]

1. e4 c5 2. Nf3 Nc6 3. Bb5 g6 4. O-O Bg7 5. c3 e5 6. d3 Nge7 7. Be3 d6 8. d4 exd4 9. cxd4 O-O 10. Nc3 b6 ({RR} 10... Qb6 11. Bxc6 Nxc6 12. Rb1 Bg4 13. Nd5 Qa5 14. dxc5 dxc5 15. Qb3 Bxf3 16. gxf3 b6 17. Kg2 Rae8 18. h4 h5 19. Rbd1 Qa6 20. Nc7 c4 21. Nxa6 cxb3 22. axb3 Rc8 23. Rd7 Bxb2 24. b4 Rfd8 25. Rfd1 {1-0 Ter Sahakyan,S (2618)-Fawzy,A (2535) FIDE Grand Swiss 2023 (5.47)}) ({RR} 10... Qb6 11. dxc5 dxc5 12. Bxc6 Qxc6 13. Nd5 Nxd5 14. exd5 Qd6 15. Qd2 Rd8 16. Rfd1 Bg4 17. Rac1 Bxf3 18. gxf3 Rac8 19. Bf4 Be5 20. Bg3 Qf6 21. Bxe5 Qxe5 22. Rc3 c4 23. Re3 Qg5+ 24. Kh1 Kg7 25. Qd4+ {1-0 De Carvalho,J (2119)-Menna Barreto,F (2278) 10th Floripa Open 2024 (8.16)}) 11. h3 Bb7 12. Qd2 $146 ({RR} 12. d5 Ne5 13. Nxe5 Bxe5 14. f4 Bxc3 15. bxc3 f5 16. Bd3 fxe4 17. Bxe4 Nf5 18. Bxf5 Rxf5 19. c4 Qe7 20. Re1 Qe4 21. Qb3 Rff8 22. Rac1 Qf5 23. Qc3 Rae8 24. Bd2 b5 25. g4 Qf7 26. f5 gxf5 {1-0 Raaste,E-Bjerre,T EU-chT 05th Group3 1971 (6)}) ({RR} 12. Rc1 a6 13. Be2 cxd4 14. Nxd4 b5 15. a4 b4 16. Nd5 Bxd4 17. Bxd4 Nxd5 18. exd5 Nxd4 19. Qxd4 Qa5 20. Bf3 Qxa4 21. Rc7 Qb5 22. Re1 Rae8 23. Re3 a5 24. h4 Rxe3 25. fxe3 h5 26. e4 a4 {1-0 Soylu,S (2385)-Stanojoski,Z (2434) Balkan-ch Istanbul 2001 (5)}) 12... Rc8 13. Rad1 cxd4 14. Nxd4 Ne5 15. f4 Nc4 16. Bxc4 Rxc4 17. Ndb5 d5 18. b3 Rc8 19. Nxd5 Nxd5 20. exd5 a6 21. Na3 b5 22. f5 Qd6 23. Nb1 Rfd8 24. Qf2 Rd7 25. f6 Bf8 26. Rd4 Qe5 27. Nd2 Rxd5 28. Rxd5 Qxd5 29. Nf3 Re8 30. Bd4 Qh5 31. Qg3 Qd5 32. Kh1 Bd6 33. Qh4 Re4 34. Qh6 Bf8 35. Qd2 Qd7 36. Qc3 b4 37. Qc4 Rf4 38. Qd3 Bxf3 39. Rxf3 Rxd4 0-1